Analýza ekonomik vybraných zemí

Hodnotenie ekonomickej úrovne a výkonnosti jednotlivých adeptov pre vstup do EÚ, prognózy do roku 2000 a závery.

Na minha lista:
Detalhes bibliográficos
Autor principal: Nikolski, Viktor
Formato: Capítulo de Livro
Idioma:tcheco
Assuntos:
Tags: Adicionar Tag
Sem tags, seja o primeiro a adicionar uma tag!

MARC

LEADER 00000naa a2200000 4500
001 r033229
005 20230920095220.5
041 0 |a cze 
044 |a CZ 
245 1 0 |a Analýza ekonomik vybraných zemí  |c Viktor Nikolski 
520 |a Hodnotenie ekonomickej úrovne a výkonnosti jednotlivých adeptov pre vstup do EÚ, prognózy do roku 2000 a závery. 
610 2 0 |a spolupráca hospodárska medzinárodná 
610 2 0 |a Európska únia 
610 2 0 |a úroveň rozvoja hospodárskeho 
610 2 0 |a výkonnosť 
610 2 0 |a SVE 
610 2 0 |a transformácia 
100 1 |a Nikolski, Viktor